000 00641nam a22002177a 4500
003 UA-OsUOA
001 37188
007 ta
008 20060227b un ||||| |||| 00| 0 ukr d
100 _aПанченко В.
090 _a82
_bП11
942 _cSA
040 _aUA-OsUOA
_bukr
_cUA-OsUOA
_dUA-OsUOA
245 _aВід "Білих островів" до "Знака терезів" (Поезія Максима Рильського 1910-1932)
300 _aС.3-14
955 _a0
041 _aukr
080 _a82
773 0 _w37187
650 7 _a82 Література. Літературознавство
_2UDC
999 _c307199
_d307199